[Event "24. Copenhagen Open  (Politiken Cup)"]
[Site "Copenhagen"]
[Date "2002.07.19"]
[Round "5"]
[White "Madsen, Simon Rise"]
[Black "Edvardsson, Hannu Kalervo"]
[Result "0-1"]
[WhiteElo "1202"]
[BlackElo "1300"]
[PlyCount "98"]
[EventDate "2002.07.15"]
[EventType "swiss"]
[EventRounds "11"]
[EventCountry "DEN"]
[SourceDate "2004.01.01"]

1. e4 e5 2. Nf3 d6 3. Nc3 Nf6 4. d4 exd4 5. Nxd4 Be7 6. Bg5 O-O 7. h3 h6 8. Bh4
c5 9. Ndb5 a6 10. Bxf6 Bxf6 11. Nxd6 Bxc3+ 12. bxc3 Qa5 13. Qf3 Nc6 14. Bc4 Ne5
15. Bxf7+ Nxf7 16. Nc4 Qc7 17. Qe2 Ne5 18. O-O Nxc4 19. Qxc4+ Kh8 20. Rae1 b5
21. Qd5 Bb7 22. Qh5 c4 23. e5 Qf7 24. Qh4 Qe6 25. f4 Rad8 26. f5 Qb6+ 27. Kh1
Rd2 28. Rg1 Rxf5 29. e6 Bc6 30. e7 Be8 31. Rgf1 Qf6 32. Qxf6 Rxf6 33. h4 Rd7
34. Rxf6 gxf6 35. Re6 Kg7 36. g4 Rd2 37. h5 Rxc2 38. Rxa6 Rxc3 39. Ra8 Kf7 40.
g5 fxg5 41. Ra6 Kxe7 42. Rxh6 Rh3+ 43. Kg2 Rxh5 44. Rb6 g4 45. a3 Rc5 46. Rh6
c3 47. Rh1 c2 48. Rc1 Bg6 49. Kg3 Rd5 0-1

[Event "24. Copenhagen Open  (Politiken Cup)"]
[Site "Copenhagen"]
[Date "2002.07.19"]
[Round "5"]
[White "Mikkelsen, Nikolaj"]
[Black "Abdagic, Edib"]
[Result "1-0"]
[WhiteElo "2120"]
[BlackElo "1831"]
[PlyCount "53"]
[EventDate "2002.07.15"]
[EventType "swiss"]
[EventRounds "11"]
[EventCountry "DEN"]
[SourceDate "2004.01.01"]

1. d4 Nf6 2. Nc3 d5 3. e4 Nxe4 4. Nxe4 dxe4 5. f3 c5 6. d5 exf3 7. Qxf3 g6 8.
Qc3 f6 9. Qxc5 e5 $11 10. Qb5+ Qd7 11. Qb3 Qg4 12. Be3 Qb4+ 13. c3 Qxb3 14.
axb3 Kf7 15. Rxa7 Rxa7 16. Bxa7 Nd7 17. Be3 f5 18. Nf3 h6 19. Bb5 Kf6 20. Bxd7
Bxd7 21. Nxe5 Be8 22. Bd4 Rh7 23. Kd2 Kg5 24. Re1 Bd7 25. Re3 Bd6 26. Rg3+ Kh5
27. Rh3+ 1-0

[Event "24. Copenhagen Open  (Politiken Cup)"]
[Site "Copenhagen"]
[Date "2002.07.19"]
[Round "5"]
[White "Moller, Arne"]
[Black "Sandbech, Ted"]
[Result "1-0"]
[WhiteElo "1808"]
[BlackElo "1516"]
[PlyCount "59"]
[EventDate "2002.07.15"]
[EventType "swiss"]
[EventRounds "11"]
[EventCountry "DEN"]
[SourceDate "2004.01.01"]

1. e4 c5 2. Nf3 Nc6 3. d4 cxd4 4. Nxd4 e5 5. Nxc6 bxc6 6. Bc4 Nf6 7. Nc3 Be7 8.
O-O O-O 9. Kh1 Bb7 10. f4 d5 11. Bd3 dxe4 12. Nxe4 Nxe4 13. Bxe4 Qxd1 14. Rxd1
Rfd8 15. Be3 exf4 16. Bxf4 Rac8 17. Be3 a6 18. Bb6 Re8 19. Bf3 Bd8 20. Bc5 Bc7
21. Rd7 Ba8 22. Rad1 Red8 23. g3 h6 24. Kg2 Rxd7 25. Rxd7 Bb8 26. Be4 g6 27.
Kf3 Kg7 28. Bd3 Rc7 29. Bd4+ Kh7 30. Rd8 1-0

[Event "24. Copenhagen Open  (Politiken Cup)"]
[Site "Copenhagen"]
[Date "2002.07.19"]
[Round "5"]
[White "Moller, Frederik Oest"]
[Black "Andersen, Ib Hother"]
[Result "1/2-1/2"]
[WhiteElo "1479"]
[BlackElo "2160"]
[PlyCount "63"]
[EventDate "2002.07.15"]
[EventType "swiss"]
[EventRounds "11"]
[EventCountry "DEN"]
[SourceDate "2004.01.01"]

1. e4 e5 2. Nf3 Nc6 3. Nc3 Nf6 4. Bb5 Bc5 5. O-O d6 6. d4 exd4 7. Nxd4 Bd7 8.
Bxc6 bxc6 9. Bg5 h6 10. Bh4 g5 11. Bg3 Qe7 12. Re1 Ng4 13. Nf5 Bxf5 14. exf5
Ne5 15. Bxe5 dxe5 16. Qf3 O-O 17. Qxc6 f6 18. Nd5 Qd6 19. Qxd6 Bxd6 20. Rad1 h5
21. h3 Kg7 22. Re4 Rfd8 23. Rc4 Rd7 24. b3 Rad8 25. Re1 c5 26. Ree4 Bf8 27. Ne3
Rd2 28. Kf1 R8d4 29. Ke1 Rd7 30. g4 h4 31. a3 R2d4 32. a4 1/2-1/2

[Event "24. Copenhagen Open  (Politiken Cup)"]
[Site "Copenhagen"]
[Date "2002.07.19"]
[Round "5"]
[White "Mortensen, Henrik"]
[Black "Gottschalck, Christian"]
[Result "1-0"]
[WhiteElo "2053"]
[BlackElo "1676"]
[PlyCount "97"]
[EventDate "2002.07.15"]
[EventType "swiss"]
[EventRounds "11"]
[EventCountry "DEN"]
[SourceDate "2004.01.01"]

1. d4 e6 2. c4 Bb4+ 3. Bd2 Qe7 4. a3 Bxd2+ 5. Qxd2 f5 6. Nc3 Nf6 7. g3 d6 8.
Bg2 Nbd7 9. Nh3 O-O 10. Nf4 Nb6 11. b3 c6 12. e3 Bd7 13. O-O g5 14. Nfe2 e5 15.
dxe5 dxe5 16. Rfd1 Rad8 17. Qd6 Qxd6 18. Rxd6 Bc8 19. Rad1 Rxd6 20. Rxd6 Kf7
21. c5 Na8 22. b4 Nc7 23. Nc1 Ke7 24. Nb3 Rd8 25. Rxd8 Kxd8 26. Na5 Ne6 27. Nc4
e4 28. Nd6 Kc7 29. Nxf5 Nxc5 30. Nd4 Ne6 31. Nxe4 Nxe4 32. Bxe4 Nxd4 33. exd4
h6 34. f4 gxf4 35. gxf4 Kd6 36. Kf2 Be6 37. Ke3 b6 38. f5 Bf7 39. Kf4 c5 40.
dxc5+ bxc5 41. bxc5+ Kxc5 42. Ke5 Bb3 43. Bd3 a5 44. f6 Bf7 45. Bf5 Kb5 46.
Bd7+ Kc5 47. Be6 Bg6 48. f7 Bxf7 49. Bxf7 1-0

[Event "24. Copenhagen Open  (Politiken Cup)"]
[Site "Copenhagen"]
[Date "2002.07.19"]
[Round "5"]
[White "Naes, Flovin Tor"]
[Black "Henrichsen, Jens"]
[Result "1/2-1/2"]
[WhiteElo "2232"]
[BlackElo "2067"]
[PlyCount "90"]
[EventDate "2002.07.15"]
[EventType "swiss"]
[EventRounds "11"]
[EventCountry "DEN"]
[SourceDate "2004.01.01"]

1. Nf3 Nf6 2. c4 g6 3. b3 Bg7 4. Bb2 O-O 5. g3 d6 6. d4 Nbd7 7. Bg2 e5 8. O-O
Re8 9. e3 exd4 10. Nxd4 a6 11. Nc3 Nc5 12. Qc2 c6 13. Rad1 Qe7 14. Ba3 Bg4 15.
Rd2 Rad8 16. h3 Bc8 17. Rfd1 h5 18. h4 Bg4 19. f3 Qxe3+ 20. Kh2 Ne6 21. Bc1
Nxd4 22. Rxd4 Bf5 23. Ne4 Bxe4 24. Rxe4 Qb6 25. Rxe8+ Rxe8 26. Rxd6 Qc5 27. Rd1
Nd5 28. Qd3 Nb4 29. Qd2 a5 30. a3 Na6 31. Re1 Rxe1 32. Qxe1 Nc7 33. Bh3 Be5 34.
Qe3 Bd4 35. Qd2 Qe5 36. b4 axb4 37. axb4 Bc3 38. Qf4 Qe2+ 39. Bg2 Ne6 40. Qb8+
Kg7 41. Qxb7 Nd4 42. Kh3 Qe6+ 43. Kh2 Qe2 44. Kh3 Qe6+ 45. Kh2 Qe2 1/2-1/2

[Event "24. Copenhagen Open  (Politiken Cup)"]
[Site "Copenhagen"]
[Date "2002.07.19"]
[Round "5"]
[White "Nielsen, Max"]
[Black "Korolev, Nikolaj"]
[Result "1-0"]
[WhiteElo "2246"]
[BlackElo "1964"]
[PlyCount "95"]
[EventDate "2002.07.15"]
[EventType "swiss"]
[EventRounds "11"]
[EventCountry "DEN"]
[SourceDate "2004.01.01"]

1. e4 c5 2. Nf3 d6 3. d4 cxd4 4. Nxd4 Nf6 5. Nc3 a6 6. f3 e6 7. Be3 Nc6 8. Qd2
Nxd4 9. Bxd4 b5 10. O-O-O Bb7 11. g4 h6 12. Bg2 Qc7 13. Kb1 O-O-O 14. Qf2 Qc6
15. h4 Nd7 16. f4 Kb8 17. a3 Be7 18. Rhg1 Qc7 19. Rge1 Bf6 20. g5 Bxd4 21. Qxd4
hxg5 22. hxg5 Rh4 23. Qf2 Rh2 24. Rh1 Rxh1 25. Rxh1 Nb6 26. Rh7 g6 27. Bh3 Rd7
28. f5 gxf5 29. exf5 Nd5 30. Nxd5 Bxd5 31. fxe6 fxe6 32. Rxd7 Qxd7 33. Qb6+ Bb7
34. Bg2 d5 35. Bh3 Qg7 36. Qd8+ Ka7 37. Qf6 Qh7 38. Bxe6 Qh1+ 39. Ka2 Qe4 40.
Bf5 Qf4 41. Bd3 Qh4 42. Qe7 d4 43. Qc5+ Ka8 44. g6 Qd8 45. b3 Qf6 46. Qc7 Bd5
47. Qc8+ Ka7 48. Qc5+ 1-0

[Event "24. Copenhagen Open  (Politiken Cup)"]
[Site "Copenhagen"]
[Date "2002.07.19"]
[Round "5"]
[White "Nielsen, Palle"]
[Black "Nielsen, Jens Holm"]
[Result "1-0"]
[WhiteElo "1473"]
[BlackElo "2098"]
[PlyCount "163"]
[EventDate "2002.07.15"]
[EventType "swiss"]
[EventRounds "11"]
[EventCountry "DEN"]
[SourceDate "2004.01.01"]

1. e4 e5 2. Nf3 Nc6 3. Bc4 Be7 4. O-O Nf6 5. Re1 O-O 6. c3 d6 7. d4 Bg4 8. d5
Nb8 9. Nbd2 Nfd7 10. b4 f5 11. h3 Bxf3 12. Nxf3 f4 13. Bb3 Qe8 14. Nh2 Qg6 15.
Qg4 Qxg4 16. Nxg4 h5 17. Nh2 g5 18. g4 hxg4 19. Nxg4 Kg7 20. f3 Rh8 21. Kg2 Nf6
22. Bd2 Nbd7 23. a4 Rh7 24. Rh1 Nh5 25. Be1 Nf8 26. c4 Ng6 27. a5 Nh4+ 28. Kf2
Ng3 29. Rh2 Rhh8 30. Bd1 c6 31. Kg1 cxd5 32. cxd5 Rac8 33. Rb2 Ng6 34. Kg2 Nh5
35. Bf2 Nf6 36. Bxa7 Nxg4 37. hxg4 Rh7 38. Kf1 Rh1+ 39. Bg1 Bd8 40. Kg2 Rh6 41.
b5 Nh4+ 42. Kf1 Bxa5 43. Rxa5 Rc1 44. Ke2 Nxf3 45. Kxf3 Rxd1 46. Bf2 Rhh1 47.
Ra7 Rd3+ 48. Ke2 Rhd1 49. Bb6 f3+ 50. Kf2 Rh1 51. Raa2 Rh4 52. Kg3 f2+ 53. Kxf2
Rdh3 54. Kf1 Rxg4 55. Rg2 Rh1+ 56. Bg1 Rf4+ 57. Raf2 Kg6 58. Rxf4 exf4 59. Rh2
Rxh2 60. Bxh2 Kf6 61. Ke2 Ke5 62. Kd3 g4 63. Bg1 Kf6 64. Bd4+ Ke7 65. b6 Kf7
66. e5 dxe5 67. Bxe5 f3 68. Ke3 Ke7 69. Kf2 Kd7 70. Bg3 Ke7 71. Ke3 Kd7 72. Ke4
Ke7 73. Ke5 Kd7 74. Kf6 f2 75. Bxf2 Kd6 76. Bg1 Kxd5 77. Ke7 Kc6 78. Ke6 g3 79.
Ke7 g2 80. Kd8 Kd6 81. Kc8 Kc6 82. Kb8 1-0

[Event "24. Copenhagen Open  (Politiken Cup)"]
[Site "Copenhagen"]
[Date "2002.07.19"]
[Round "5"]
[White "Nilsson, Nils Specht"]
[Black "Howe, Dennis"]
[Result "1-0"]
[WhiteElo "2187"]
[BlackElo "2052"]
[PlyCount "69"]
[EventDate "2002.07.15"]
[EventType "swiss"]
[EventRounds "11"]
[EventCountry "DEN"]
[SourceDate "2004.01.01"]

1. d4 d5 2. Nf3 Nf6 3. g3 c5 4. Bg2 Nc6 5. O-O cxd4 6. Nxd4 e5 7. Nxc6 bxc6 8.
c4 Be6 9. Bg5 Be7 10. Nc3 e4 11. Qa4 O-O 12. Rad1 Qb6 13. cxd5 cxd5 14. Bxf6
Bxf6 15. Nxd5 Bxd5 16. Rxd5 Qxb2 17. e3 Rab8 18. Rd7 a5 19. Qxa5 Bd8 20. Qd5
Rb5 21. Qd6 Rb6 22. Qd2 Qxd2 23. Rxd2 f5 24. Rfd1 Bf6 25. Bf1 Bc3 26. Rc2 Bb4
27. a4 Ra8 28. Bc4+ Kf8 29. Bb5 Ra7 30. Rc8+ Ke7 31. Rd4 Bd6 32. Rh8 h6 33. g4
Be5 34. Re8+ Kf6 35. Rd5 1-0

[Event "24. Copenhagen Open  (Politiken Cup)"]
[Site "Copenhagen"]
[Date "2002.07.19"]
[Round "5"]
[White "Opstrup, Niels"]
[Black "Trarup, Jorgen"]
[Result "1/2-1/2"]
[WhiteElo "1196"]
[BlackElo "1270"]
[PlyCount "92"]
[EventDate "2002.07.15"]
[EventType "swiss"]
[EventRounds "11"]
[EventCountry "DEN"]
[SourceDate "2004.01.01"]

1. d4 Nf6 2. c4 e6 3. Nc3 c6 4. Bg5 h6 5. Bh4 Be7 6. Nf3 d6 7. e3 Nh7 8. Bxe7
Qxe7 9. Qc2 Nf6 10. Bd3 Na6 11. a3 Nc7 12. b3 b6 13. O-O O-O 14. Rfd1 Re8 15.
Rac1 e5 16. dxe5 dxe5 17. Ne4 Bg4 18. Ned2 Bxf3 19. gxf3 Rad8 20. Ne4 Ne6 21.
Kh1 Nxe4 22. Bxe4 Qc7 23. Rg1 Ng5 24. Rg3 Qd6 25. Rcg1 Kf8 26. h4 Ne6 27. Bf5
Re7 28. Kg2 Rdd7 29. Bxe6 Rxe6 30. Qh7 Rg6 31. Kh2 e4 32. f4 Qf6 33. Kh3 Qf5+
34. Rg4 Rdd6 35. Qh8+ Ke7 36. Qb8 Qd7 37. h5 Rxg4 38. Rxg4 g6 39. Kh4 gxh5 40.
Rg8 Re6 41. Qf8+ Kf6 42. Qxh6+ Ke7 43. Qf8+ Kf6 44. Qg7+ Ke7 45. Qg5+ Rf6 46.
Qe5+ Re6 1/2-1/2

[Event "24. Copenhagen Open  (Politiken Cup)"]
[Site "Copenhagen"]
[Date "2002.07.19"]
[Round "5"]
[White "Peralta, Fernando"]
[Black "Akesson, Joel"]
[Result "1/2-1/2"]
[WhiteElo "2478"]
[BlackElo "2234"]
[PlyCount "71"]
[EventDate "2002.07.15"]
[EventType "swiss"]
[EventRounds "11"]
[EventCountry "DEN"]
[SourceDate "2004.01.01"]

1. Nf3 Nf6 2. c4 g6 3. Nc3 Bg7 4. e4 d6 5. d4 O-O 6. Be3 c5 7. d5 e6 8. h3 exd5
9. exd5 Re8 10. Bd3 Bh6 11. O-O Bxe3 12. fxe3 Qe7 13. e4 Nbd7 14. Qd2 a6 15.
Rf2 Kg7 16. Raf1 h6 17. a3 Nh7 18. b4 b6 19. Bc2 Rf8 20. Na4 Ng5 21. Qc3+ Kg8
22. Nxg5 hxg5 23. Rb1 Ra7 24. Nb2 g4 25. hxg4 Ne5 26. Bd1 Bxg4 27. Nd3 Nxd3 28.
Qxd3 Bxd1 29. Rxd1 Re8 30. Rf4 Qe5 31. Rdf1 Rae7 32. Qf3 Qd4+ 33. Kh1 Qh8+ 34.
Kg1 Qd4+ 35. Kh2 Qh8+ 36. Kg1 1/2-1/2

[Event "24. Copenhagen Open  (Politiken Cup)"]
[Site "Copenhagen"]
[Date "2002.07.19"]
[Round "5"]
[White "Pert, Nicholas"]
[Black "Kongsted, Halfdan Christian"]
[Result "1/2-1/2"]
[WhiteElo "2460"]
[BlackElo "2224"]
[PlyCount "164"]
[EventDate "2002.07.15"]
[EventType "swiss"]
[EventRounds "11"]
[EventCountry "DEN"]
[SourceDate "2004.01.01"]

1. d4 d5 2. c4 c6 3. Nf3 Nf6 4. e3 e6 5. Nbd2 Nbd7 6. Bd3 Bd6 7. O-O O-O 8. e4
dxe4 9. Nxe4 Nxe4 10. Bxe4 c5 11. Bc2 Qc7 12. dxc5 Bxc5 13. b3 Be7 14. Re1 Bf6
15. Rb1 b6 16. Ng5 g6 17. h4 Bb7 18. h5 Nc5 19. Qg4 e5 20. b4 Bc8 21. Qf3 Nd7
22. hxg6 hxg6 23. Qh3 Bxg5 24. Bxg5 Nf6 25. Qc3 Nh7 26. Bh6 Re8 27. Bf4 Be6 28.
Bxe5 Qxc4 29. Qd2 Qh4 30. Ba1 Rac8 31. Re4 Qg5 32. Qd4 f6 33. f4 Qg4 34. f5
Qxf5 35. Rf1 Qd5 36. Rxe6 Qxd4+ 37. Bxd4 Rxe6 38. Bb3 Kf7 39. a4 Ke7 40. Bxe6
Kxe6 41. Re1+ Kd5 42. Bf2 Rc7 43. Rd1+ Ke6 44. Re1+ Kd5 45. Rd1+ Ke6 46. Re1+
Kd7 47. Rd1+ Ke7 48. Re1+ Kd7 49. Rd1+ Ke7 50. Re1+ Kd8 51. a5 bxa5 52. bxa5
Kd7 53. Rb1 a6 54. Bg3 Rc3 55. Rb7+ Kc8 56. Rxh7 Rxg3 57. Ra7 Ra3 58. Rxa6 f5
59. Rxg6 Rxa5 60. Rg7 Kd8 61. Kh2 Ke8 62. Kg3 Kf8 63. Rb7 Ra2 64. Rb5 Kg7 65.
Rxf5 Kg6 66. Rb5 Rc2 67. Rb4 Ra2 68. Kh3 Rc2 69. g3 Rc5 70. Kg4 Rc6 71. Kh4 Ra6
72. Rb5 Rc6 73. g4 Ra6 74. Rg5+ Kh6 75. Rh5+ Kg6 76. Rc5 Rb6 77. Rc4 Ra6 78. g5
Rb6 79. Kg4 Ra6 80. Rf4 Rb6 81. Rf6+ Rxf6 82. gxf6 Kxf6 1/2-1/2

[Event "24. Copenhagen Open  (Politiken Cup)"]
[Site "Copenhagen"]
[Date "2002.07.19"]
[Round "5"]
[White "Pert, Richard G"]
[Black "Schmied, Andreas"]
[Result "1-0"]
[WhiteElo "2357"]
[BlackElo "2134"]
[PlyCount "99"]
[EventDate "2002.07.15"]
[EventType "swiss"]
[EventRounds "11"]
[EventCountry "DEN"]
[SourceDate "2004.01.01"]

1. e4 c6 2. d4 d5 3. e5 Bf5 4. c3 e6 5. Be3 Nd7 6. Nd2 Qb6 7. Qb3 Ne7 8. f4 h5
9. Ngf3 Bg6 10. g3 Nf5 11. Bf2 a5 12. Qxb6 Nxb6 13. a4 Be7 14. Be2 Kd8 15. h3
Kc7 16. Rg1 Nd7 17. g4 hxg4 18. hxg4 Nh4 19. Ng5 Bxg5 20. fxg5 f6 21. exf6 gxf6
22. Bg3+ Kb6 23. gxf6 Nxf6 24. Be5 Rhf8 25. Bg3 Rh8 26. Be5 Rhf8 27. O-O-O Ne4
28. Nxe4 Bxe4 29. Rdf1 Ng6 30. Bd6 Rxf1+ 31. Rxf1 Rd8 32. Bc5+ Kc7 33. Rf7+ Rd7
34. Bb6+ Kc8 35. Rxd7 Kxd7 36. Kd2 Nf4 37. Bf1 Ng6 38. Bxa5 e5 39. Be2 Nh4 40.
dxe5 Nf3+ 41. Bxf3 Bxf3 42. g5 Ke6 43. Bc7 Kf5 44. Ke3 Bd1 45. a5 Kxg5 46. Kd4
Kg6 47. Kc5 Be2 48. Kd6 Kf7 49. Bd8 Ke8 50. Bh4 1-0

[Event "24. Copenhagen Open  (Politiken Cup)"]
[Site "Copenhagen"]
[Date "2002.07.19"]
[Round "5"]
[White "Petkovic, Peter"]
[Black "Hvenekilde, Jorgen"]
[Result "1/2-1/2"]
[WhiteElo "2151"]
[BlackElo "2296"]
[PlyCount "54"]
[EventDate "2002.07.15"]
[EventType "swiss"]
[EventRounds "11"]
[EventCountry "DEN"]
[SourceDate "2004.01.01"]

1. e4 e5 2. Nf3 d6 3. d4 exd4 4. Nxd4 g6 5. Nc3 Bg7 6. Be3 Nc6 7. Qd2 Nxd4 8.
Bxd4 Nf6 9. O-O-O O-O 10. f3 Be6 11. Be3 Re8 12. Bg5 Qe7 13. g4 Qf8 14. h4 h6
15. Bxf6 Bxf6 16. g5 Bg7 17. h5 f6 18. Nd5 fxg5 19. Nxc7 Qf6 20. c3 Bxa2 21.
Nxa8 Rxa8 22. Qxd6 Qxf3 23. Rh3 Qxe4 24. Bd3 Qe6 25. Qxe6+ Bxe6 26. Re3 Bg4 27.
Bxg6 Bxd1 1/2-1/2

[Event "24. Copenhagen Open  (Politiken Cup)"]
[Site "Copenhagen"]
[Date "2002.07.19"]
[Round "5"]
[White "Rasmussen, Allan Stig"]
[Black "Jessen, Simon Pind"]
[Result "1-0"]
[WhiteElo "2305"]
[BlackElo "2074"]
[PlyCount "37"]
[EventDate "2002.07.15"]
[EventType "swiss"]
[EventRounds "11"]
[EventCountry "DEN"]
[SourceDate "2004.01.01"]

1. e4 e5 2. Nf3 Nc6 3. d4 exd4 4. Nxd4 Nf6 5. Nc3 Bb4 6. Nxc6 bxc6 7. Bd3 O-O
8. O-O d5 9. exd5 cxd5 10. Bg5 c6 11. Qf3 Be7 12. Rfe1 h6 {[#]} 13. Bxh6 gxh6
14. Qe3 d4 15. Qxh6 dxc3 16. Re5 Bf5 17. Rxf5 Ng4 18. Rg5+ Bxg5 19. Qh7# 1-0

[Event "24. Copenhagen Open  (Politiken Cup)"]
[Site "Copenhagen"]
[Date "2002.07.19"]
[Round "5"]
[White "Rasmussen, Bent"]
[Black "Jorgensen, Orla"]
[Result "1-0"]
[WhiteElo "1658"]
[BlackElo "1420"]
[PlyCount "79"]
[EventDate "2002.07.15"]
[EventType "swiss"]
[EventRounds "11"]
[EventCountry "DEN"]
[SourceDate "2004.01.01"]

1. d4 Nf6 2. c4 c5 3. d5 b5 4. cxb5 a6 5. e3 axb5 6. Bxb5 Ba6 7. Bxa6 Nxa6 8.
Nc3 g6 9. Nge2 Bg7 10. O-O O-O 11. e4 d6 12. Kh1 Qd7 13. f3 e6 14. Ng3 Rfb8 15.
Rb1 Qe7 16. Re1 Nd7 17. Bd2 Nb4 18. a3 Nd3 19. Rf1 Bd4 20. Be1 c4 21. Qc2 Rb3
22. Nce2 Bxb2 23. Qxc4 Rbxa3 24. Bb4 N7e5 25. Qc2 Ra2 26. Bc3 Qc7 27. f4 Bxc3
28. Qxc3 Qxc3 29. Nxc3 Rc2 30. fxe5 Rxc3 31. exd6 exd5 32. Rb7 Ne5 33. Re7 Nc4
34. d7 Kf8 35. Rfxf7+ Kg8 36. Rf1 Nd6 37. e5 Rd8 38. exd6 Rf8 39. Re8 Kg7 40.
Rexf8 1-0

[Event "24. Copenhagen Open  (Politiken Cup)"]
[Site "Copenhagen"]
[Date "2002.07.19"]
[Round "5"]
[White "Rasmussen, Henning"]
[Black "Rasmussen, Poul"]
[Result "1/2-1/2"]
[WhiteElo "1743"]
[BlackElo "1428"]
[PlyCount "142"]
[EventDate "2002.07.15"]
[EventType "swiss"]
[EventRounds "11"]
[EventCountry "DEN"]
[SourceDate "2004.01.01"]

1. d4 d5 2. Nf3 Nf6 3. c4 e6 4. Nc3 c6 5. e3 Be7 6. Bd3 O-O 7. O-O Nbd7 8. e4
dxe4 9. Nxe4 Nxe4 10. Bxe4 Nf6 11. Bc2 h6 12. Qd3 b6 13. Ne5 Qe8 14. Ng4 g6 15.
Nxf6+ Bxf6 16. Bxh6 Bg7 17. Qe3 Bb7 18. Be4 Bxh6 19. Qxh6 Qe7 20. a3 Qf6 21.
Rfd1 Rad8 22. Qe3 Kg7 23. Rd2 Rd6 24. Rad1 Rfd8 25. f4 Ba6 26. b3 c5 27. d5 e5
28. Rf2 exf4 29. Qxf4 Qxf4 30. Rxf4 f5 31. Bd3 Bc8 32. Re1 Kf6 33. Rf2 g5 34.
Rfe2 g4 35. Re8 Rxe8 36. Rxe8 Bd7 37. Re1 b5 38. Kf2 bxc4 39. Bxc4 Bc8 40. Kg3
Bb7 41. Rd1 Ke5 42. Re1+ Kf6 43. Rd1 Ke5 44. h3 gxh3 45. gxh3 Rg6+ 46. Kf3 Rh6
47. Re1+ Kd6 48. Kg3 Bc8 49. Rh1 f4+ 50. Kxf4 Rxh3 51. Rg1 Rh4+ 52. Kg5 Rh2 53.
Rf1 Rg2+ 54. Kf6 Rg3 55. Kf7 Ke5 56. Rd1 Kd6 57. Rh1 Rf3+ 58. Kg7 Bh3 59. Rg1
Ke7 60. Re1+ Kd6 61. Rg1 Ke7 62. Re1+ Kd6 63. Re8 Rg3+ 64. Kf6 Rf3+ 65. Kg5 Rf7
66. Kg6 Re7 67. Rf8 Ke5 68. Rf6 Rd7 69. Rc6 Rd6+ 70. Kf7 Rxc6 71. dxc6 Kd6
1/2-1/2

[Event "24. Copenhagen Open  (Politiken Cup)"]
[Site "Copenhagen"]
[Date "2002.07.19"]
[Round "5"]
[White "Richards, Heather"]
[Black "Nielsen, Michael"]
[Result "1-0"]
[WhiteElo "2275"]
[BlackElo "2086"]
[PlyCount "23"]
[EventDate "2002.07.15"]
[EventType "swiss"]
[EventRounds "11"]
[EventCountry "DEN"]
[SourceDate "2004.01.01"]

1. e4 c5 2. c3 d5 3. exd5 Qxd5 4. d4 Nc6 5. Nf3 Nf6 6. Be3 e6 7. a3 Be7 8. Bd3
O-O 9. O-O Rd8 10. Qe2 Qb3 11. dxc5 Nd5 12. Bc2 {[#]} 1-0

[Event "24. Copenhagen Open  (Politiken Cup)"]
[Site "Copenhagen"]
[Date "2002.07.19"]
[Round "5"]
[White "Roeder, Peter Ulrik"]
[Black "Spanton, Timothy"]
[Result "1-0"]
[WhiteElo "2174"]
[BlackElo "2008"]
[PlyCount "27"]
[EventDate "2002.07.15"]
[EventType "swiss"]
[EventRounds "11"]
[EventCountry "DEN"]
[SourceDate "2004.01.01"]

1. d4 d5 2. c4 Nc6 3. Nf3 Bg4 4. cxd5 Bxf3 5. gxf3 Qxd5 6. e3 e5 7. Nc3 Bb4 8.
Bd2 Bxc3 9. bxc3 exd4 10. cxd4 O-O-O 11. Bh3+ Kb8 12. O-O Nxd4 13. exd4 Qxd4
14. Bg5 1-0

[Event "24. Copenhagen Open  (Politiken Cup)"]
[Site "Copenhagen"]
[Date "2002.07.19"]
[Round "5"]
[White "Rohrmueller, Ulrich"]
[Black "Svensson, Bengt"]
[Result "1/2-1/2"]
[WhiteElo "2257"]
[BlackElo "2398"]
[PlyCount "102"]
[EventDate "2002.07.15"]
[EventType "swiss"]
[EventRounds "11"]
[EventCountry "DEN"]
[SourceDate "2004.01.01"]

1. d4 d5 2. Nf3 Nf6 3. Bg5 Ne4 4. Bf4 c5 5. c3 cxd4 6. cxd4 Nc6 7. Nc3 Nxc3 8.
bxc3 g6 9. e3 Bg7 10. Be2 O-O 11. O-O Bf5 12. c4 dxc4 13. Bxc4 Rc8 14. Be2 Qa5
15. Nd2 Rfd8 16. Nc4 Qd5 17. Rc1 b5 18. Na3 a6 19. Bf3 Be4 20. Nb1 Bxf3 21.
Qxf3 Qxf3 22. gxf3 e5 23. dxe5 Nxe5 24. Rxc8 Rxc8 25. Kg2 Nd3 26. Bg3 Rc1 27.
Rxc1 Nxc1 28. a3 Ne2 29. Bd6 Bf8 30. Be5 Nc1 31. f4 f5 32. Kf3 Kf7 33. Bb2 Nd3
34. Bc3 b4 35. axb4 Nxb4 36. Ke2 Ke6 37. f3 Kd5 38. Nd2 Ke6 39. Nc4 Kd5 40. Nd2
Ke6 41. e4 a5 42. Nb3 a4 43. Nd4+ Kf7 44. exf5 gxf5 45. Nxf5 Nd5 46. Be5 a3 47.
Nd4 a2 48. Nb3 Bh6 49. Kd3 Bxf4 50. Bxf4 Nxf4+ 51. Kc2 Nd5 1/2-1/2

[Event "24. Copenhagen Open  (Politiken Cup)"]
[Site "Copenhagen"]
[Date "2002.07.19"]
[Round "5"]
[White "Romsdal, Trond"]
[Black "Aagaard, Jacob"]
[Result "0-1"]
[WhiteElo "2205"]
[BlackElo "2359"]
[PlyCount "58"]
[EventDate "2002.07.15"]
[EventType "swiss"]
[EventRounds "11"]
[EventCountry "DEN"]
[SourceDate "2004.01.01"]

1. d4 Nf6 2. Nf3 e6 3. c4 b6 4. g3 Ba6 5. b3 Bb7 6. Bg2 Bb4+ 7. Bd2 c5 8. O-O
O-O 9. Bxb4 cxb4 10. Nbd2 d6 11. Qc2 Qe7 12. e4 e5 13. Nh4 g6 14. f4 Nbd7 15.
Rae1 Rae8 16. Qd3 exd4 17. Qxd4 Nc5 18. e5 dxe5 19. fxe5 Rd8 20. Qe3 Ng4 21.
Qf4 Nd3 22. Qxg4 Nxe1 23. Bxb7 Rxd2 24. Bd5 Nd3 25. Nxg6 Qc5+ 26. Kh1 Nf2+ 27.
Rxf2 Qxf2 28. Nxf8+ Kh8 29. Ng6+ hxg6 0-1

[Event "24. Copenhagen Open  (Politiken Cup)"]
[Site "Copenhagen"]
[Date "2002.07.19"]
[Round "5"]
[White "Rorvik, Jon F"]
[Black "Bekker Jensen, David"]
[Result "0-1"]
[WhiteElo "2168"]
[BlackElo "2338"]
[PlyCount "80"]
[EventDate "2002.07.15"]
[EventType "swiss"]
[EventRounds "11"]
[EventCountry "DEN"]
[SourceDate "2004.01.01"]

1. c4 Nf6 2. Nc3 g6 3. g3 Bg7 4. Bg2 O-O 5. e4 c5 6. Nge2 Nc6 7. O-O a6 8. d3
Rb8 9. a4 d6 10. h3 Ne8 11. Rb1 Nc7 12. Bd2 b5 13. axb5 axb5 14. cxb5 Nxb5 15.
Nxb5 Rxb5 16. Bc3 Qb6 17. Ra1 Nd4 18. Nf4 e6 19. Bh1 Bb7 20. Ng2 d5 21. Ne3 Rd8
22. exd5 exd5 23. Ra3 h5 24. Qd2 Qe6 25. b4 cxb4 26. Bxb4 Nc6 27. Nc2 Nxb4 28.
Nxb4 Qxh3 29. Qf4 Bf8 30. Ra4 Bxb4 31. Rxb4 d4 32. Bxb7 Rxb4 33. Be4 Rdb8 34.
Bg2 Qg4 35. Qd6 Rb1 36. Kh2 R8b2 37. Qd8+ Kg7 38. Bh3 Rxf1 39. Bxg4 Rbxf2+ 40.
Kh3 Rh1# 0-1

[Event "24. Copenhagen Open  (Politiken Cup)"]
[Site "Copenhagen"]
[Date "2002.07.19"]
[Round "5"]
[White "Sanchez Martin, Vanessa"]
[Black "Moen, Andreas"]
[Result "0-1"]
[WhiteElo "2123"]
[BlackElo "2278"]
[PlyCount "52"]
[EventDate "2002.07.15"]
[EventType "swiss"]
[EventRounds "11"]
[EventCountry "DEN"]
[SourceDate "2004.01.01"]

1. e4 e5 2. Nf3 Nf6 3. Nxe5 d6 4. Nf3 Nxe4 5. c4 Bg4 6. Nc3 Nf6 7. d4 Nc6 8.
Be2 d5 9. cxd5 Nxd5 10. Ne5 Bxe2 11. Qxe2 Nxd4 12. Qe4 Nf6 13. Qd3 Bc5 14. Be3
O-O 15. O-O-O Ne6 16. Bxc5 Nxc5 17. Qc4 Qe7 18. Rhe1 Ne6 19. Re3 Qc5 20. Qh4
Rad8 21. Rde1 Rd4 22. g4 Nf4 23. Qg3 N4d5 24. g5 Nh5 25. Qf3 Nxe3 26. Qxe3 Nf4
0-1

[Event "24. Copenhagen Open  (Politiken Cup)"]
[Site "Copenhagen"]
[Date "2002.07.19"]
[Round "5"]
[White "Schmidt, Horst Hubert"]
[Black "Pedersen, Kaj Vinding"]
[Result "1-0"]
[WhiteElo "1857"]
[BlackElo "1529"]
[PlyCount "29"]
[EventDate "2002.07.15"]
[EventType "swiss"]
[EventRounds "11"]
[EventCountry "DEN"]
[SourceDate "2004.01.01"]

1. e4 Nf6 2. e5 Nd5 3. Nf3 d6 4. Bc4 Nb6 5. Bxf7+ Kxf7 6. Ng5+ Kg8 7. Qf3 Qe8
8. e6 Bxe6 9. Nxe6 Qc8 10. Ng5 Qe8 11. Nc3 Nc6 12. Nd5 Rc8 13. Nxb6 axb6 14.
O-O e5 15. Qd5+ 1-0